Statistics for NBA Questions 2 (fixed)

Click here to take the quiz!

General Stats

  • This quiz has been taken 33 times
  • The average score is 12 of 16

Answer Stats

QuestionAnswer% Correct
What team relocated from SeattleThunder
100%
Which was the smallest ever playerMuggsy Bogues
96%
Which player was a bustAnthony Bennett
92%
Who mad the decision to take his talents to south beachLebron James
92%
Who went to the wizards at the end of his careerMichael Jordan
92%
which player is on the hawks (level 1)trae young
88%
who was recently traded to the mavericksKristaps Porzingis
83%
Which NFL player bought part of the bucksAaron Rodgers
79%
Which NBA player died before he ever played (level 2)Len Bias
71%
What player never played for the team who drafted himChris Webber
67%
What player got a song named and based off of himMohammed Bamba
67%
What is Ray Allens real nameWalter
63%
Who was traded away from his hometown in 2017Dwight Howard
58%
Which was a teamSteamrollers
58%
Which player was stabbed multiple timesPaul Pierce
50%
Which was first in CanadaToronto Huskies
33%

Score Distribution

Percentile by Number Answered

Percent of People with Each Score

Your Score History

You have not taken this quiz